[Event "4NCL Division 2b"]
[Site "Birmingham ENG"]
[Date "2015.02.14"]
[Round "5.15"]
[White "Pleasants, Allan J"]
[Black "Thompson, Ian D"]
[Result "1/2-1/2"]
[WhiteElo "2099"]
[BlackElo "2215"]
[PlyCount "81"]
[EventDate "2015.02.14"]

1. e4 e5 2. Nc3 Nf6 3. g3 Bc5 4. Bg2 d6 5. Na4 Bb6 6. Nxb6 axb6 7. Ne2 c5 8. d4
exd4 9. c3 O-O 10. O-O Re8 11. cxd4 Nxe4 12. dxc5 bxc5 13. Nf4 Nf6 14. b4 Nc6
15. bxc5 dxc5 16. Bxc6 bxc6 17. Qc2 Nd5 18. Qxc5 Qf6 19. Bd2 Nxf4 20. Bxf4 Bf5
21. Rfe1 Re4 22. Be5 Qe6 23. Rxe4 Bxe4 24. Re1 Bd5 25. Qe3 Rxa2 26. Bd4 Qxe3
27. Rxe3 f6 28. Re1 Kf7 29. Rc1 g5 30. h3 h5 31. Kh2 Ra4 32. Be3 h4 33. Bb6
hxg3+ 34. Kxg3 Ra3+ 35. Kh2 Kg6 36. Be3 Kf5 37. Kg3 Ke4 38. Re1 Kd3 39. Bxg5
Kc2+ 40. Be3 Ra8 41. Kf4 1/2-1/2

[Event "4NCL Division 2b"]
[Site "Birmingham ENG"]
[Date "2015.02.14"]
[Round "5.16"]
[White "Frostick, Clive A"]
[Black "Simons, Martin J"]
[Result "1/2-1/2"]
[WhiteElo "2168"]
[BlackElo "2060"]
[PlyCount "44"]
[EventDate "2015.02.14"]

1. e4 Nc6 2. Bb5 d5 3. Nc3 dxe4 4. Nxe4 Qd5 5. Bxc6+ Qxc6 6. f3 Bf5 7. d3 Nf6
8. Ne2 O-O-O 9. N2c3 e5 10. Qe2 Nd5 11. Nxd5 Qxd5 12. O-O Bg6 13. Kh1 f6 14.
Qf2 Kb8 15. Be3 a6 16. a3 f5 17. Nc3 Qc6 18. Qh4 Bc5 19. Bxc5 Qxc5 20. Qf2 Qd4
21. Rae1 Rhe8 22. Kg1 Kc8 1/2-1/2

[Event "4NCL Division 2b"]
[Site "Birmingham ENG"]
[Date "2015.02.14"]
[Round "5.18"]
[White "Coates, Kenneth G"]
[Black "Gill, Oliver"]
[Result "1/2-1/2"]
[WhiteElo "2140"]
[BlackElo "2023"]
[PlyCount "74"]
[EventDate "2015.02.14"]

1. d4 Nc6 2. Nf3 d5 3. Bf4 Bg4 4. e3 e6 5. Be2 Bd6 6. Bxd6 cxd6 7. O-O Nf6 8.
c4 dxc4 9. Bxc4 d5 10. Be2 O-O 11. Nc3 Ne4 12. Rc1 Rc8 13. Qd3 Qb6 14. Qb5 Qxb5
15. Nxb5 a6 16. Nc3 Nb4 17. a3 Nxc3 18. Rxc3 Rxc3 19. bxc3 Na2 20. c4 Nc3 21.
Bd3 dxc4 22. Bxc4 Bxf3 23. gxf3 Rc8 24. Bd3 b5 25. Kg2 Na4 26. Be4 Rc3 27. Ra1
Nb6 28. Bb7 Nc4 29. e4 Rxa3 30. Rc1 Kf8 31. d5 Ke7 32. f4 Nd6 33. e5 Nxb7 34.
Rc7+ Ke8 35. Rxb7 exd5 36. f5 f6 37. e6 g6 1/2-1/2

[Event "4NCL Division 2b"]
[Site "Birmingham ENG"]
[Date "2015.02.14"]
[Round "5.20"]
[White "Purdon, Colin"]
[Black "de Coverly, Roger D"]
[Result "0-1"]
[WhiteElo "2068"]
[BlackElo "1998"]
[PlyCount "84"]
[EventDate "2015.02.14"]

1. d4 Nf6 2. c4 g6 3. Nc3 Bg7 4. e4 d6 5. Nf3 O-O 6. h3 e5 7. d5 a5 8. Bg5 Na6
9. Be2 Qe8 10. Nd2 Nd7 11. g4 f6 12. Be3 Ndc5 13. O-O f5 14. f3 Kh8 15. Kg2 Bd7
16. b3 Qe7 17. a3 Rae8 18. Rb1 Bc8 19. b4 axb4 20. axb4 Nd7 21. Qa4 Bf6 22. Nb3
Bg5 23. Bf2 Nf6 24. c5 Nb8 25. b5 h5 26. Rh1 Rf7 27. c6 Ref8 28. Rbf1 Kg7 29.
h4 Bf4 30. gxf5 gxf5 31. Rfg1 Kh6 32. Kf1 fxe4 33. Nxe4 Nxe4 34. Qxe4 Bf5 35.
Qc4 Bh7 36. Qc3 e4 37. Nd4 Qe5 38. Be3 exf3 39. Bxf4+ Rxf4 40. Bd1 Qxd4 41.
Qxd4 Rxd4 42. Bb3 f2 0-1

[Event "4NCL Division 2b"]
[Site "Birmingham ENG"]
[Date "2015.02.14"]
[Round "5.21"]
[White "Marsh, Roger DW"]
[Black "Richardson, Keith B"]
[Result "1/2-1/2"]
[WhiteElo "2013"]
[BlackElo "2042"]
[PlyCount "56"]
[EventDate "2015.02.14"]

1. d4 g6 2. c4 Bg7 3. Nc3 d6 4. e4 c6 5. Be2 a6 6. d5 cxd5 7. cxd5 Nf6 8. Nf3
O-O 9. O-O Nbd7 10. Be3 Nc5 11. Nd2 b5 12. f3 e6 13. dxe6 Bxe6 14. b4 Nb7 15.
Rc1 d5 16. exd5 Nxd5 17. Nxd5 Qxd5 18. Nb3 Qe5 19. Bb6 Rac8 20. Qd2 Bxb3 21.
axb3 Qb2 22. Qxb2 Bxb2 23. Rxc8 Rxc8 24. Rd1 Rc6 25. Bf2 Nd6 26. Bc5 Nb7 27.
Bf2 Nd6 28. Bc5 Nb7 1/2-1/2

[Event "4NCL Division 2b"]
[Site "Birmingham ENG"]
[Date "2015.02.14"]
[Round "5.22"]
[White "Head, Louise"]
[Black "Zhou, Yang-Jian"]
[Result "1/2-1/2"]
[WhiteElo "1949"]
[BlackElo "1884"]
[PlyCount "51"]
[EventDate "2015.02.14"]

1. d4 Nf6 2. c4 g6 3. Nc3 Bg7 4. e4 d6 5. Be2 O-O 6. Nf3 e5 7. O-O Nc6 8. d5
Ne7 9. b4 Nh5 10. Re1 Nf4 11. Bxf4 exf4 12. Rc1 f5 13. Nd4 fxe4 14. Nxe4 Nf5
15. Nb3 Nh4 16. Bf1 Bf5 17. Nd4 Re8 18. Qd3 Bxd4 19. Qxd4 Bxe4 20. Rxe4 Qg5 21.
Rc3 Rf8 22. c5 Rae8 23. f3 Nf5 24. Qd3 Ne3 25. cxd6 cxd6 26. Rc7 1/2-1/2

[Event "4NCL Division 2b"]
[Site "Birmingham ENG"]
[Date "2015.02.14"]
[Round "5.25"]
[White "Gantner, Matthias"]
[Black "Constantinou, Peter"]
[Result "1/2-1/2"]
[WhiteElo "2240"]
[BlackElo "2290"]
[PlyCount "54"]
[EventDate "2015.02.14"]

1. e4 g6 2. d4 Bg7 3. Nf3 d6 4. Be2 Nf6 5. Nc3 c6 6. O-O O-O 7. h3 Nbd7 8. e5
dxe5 9. dxe5 Nd5 10. Nxd5 cxd5 11. Qxd5 Nxe5 12. Qc5 b6 13. Qe3 Nc6 14. Rd1 Qc7
15. Qg5 Bf5 16. c3 Rad8 17. Be3 e5 18. Qh4 f6 19. Qc4+ Kh8 20. Rxd8 Rxd8 21.
Rd1 Rd6 22. Rxd6 Qxd6 23. a4 Be6 24. Qb5 h6 25. a5 bxa5 26. Nd2 f5 27. Qc5 Qxc5
1/2-1/2

[Event "4NCL Division 2b"]
[Site "Birmingham ENG"]
[Date "2015.02.14"]
[Round "5.26"]
[White "Brown, Alan"]
[Black "Weller, Jean-Luc"]
[Result "1-0"]
[WhiteElo "2084"]
[BlackElo "2260"]
[PlyCount "81"]
[EventDate "2015.02.14"]

1. d4 Nf6 2. c4 e6 3. Nc3 Bb4 4. e3 b6 5. Bd3 Bb7 6. Nf3 c5 7. O-O Bxc3 8. bxc3
O-O 9. Nd2 Nc6 10. Bb2 d6 11. e4 e5 12. Nf3 Bc8 13. h3 g6 14. Bc2 Ba6 15. Bd3
Nh5 16. Re1 Qc7 17. Qa4 Na5 18. Rac1 Qe7 19. g3 Qe6 20. Kg2 Bxc4 21. Bb1 Qf6
22. Rcd1 Be6 23. Rh1 Bc4 24. Rhe1 Be6 25. Rh1 h6 26. Bc1 Kh7 27. Be3 Rfd8 28.
d5 Bd7 29. Qc2 Nc4 30. Bc1 b5 31. Nh2 Qg7 32. Ng4 g5 33. Qe2 Bxg4 34. hxg4 Nf6
35. Bd3 Qg6 36. Rde1 Nd7 37. Bxc4 bxc4 38. Qxc4 Kg7 39. Qe2 Rdc8 40. c4 Rab8
41. Ba3 1-0

[Event "4NCL Division 2b"]
[Site "Birmingham ENG"]
[Date "2015.02.14"]
[Round "5.27"]
[White "Smith, Graham"]
[Black "Adams, David"]
[Result "1/2-1/2"]
[WhiteElo "2049"]
[BlackElo "2215"]
[PlyCount "86"]
[EventDate "2015.02.14"]

1. d4 d6 2. g3 e5 3. dxe5 dxe5 4. Qxd8+ Kxd8 5. Bg2 c6 6. f4 exf4 7. Bxf4 Nf6
8. Nc3 Be6 9. O-O-O+ Kc8 10. a3 Nbd7 11. Nf3 Bc5 12. Nd4 Re8 13. Nxe6 fxe6 14.
Bh3 h6 15. Rhf1 g5 16. Bd6 Bxd6 17. Rxd6 g4 18. Bg2 Kc7 19. Rd4 h5 20. Rdf4 Nd5
21. Nxd5+ exd5 22. e4 d4 23. Rf5 Re5 24. Rxe5 Nxe5 25. Rf5 Nc4 26. Bf1 Ne3 27.
Rf7+ Kd6 28. Bd3 b5 29. Rf6+ Kd7 30. e5 Re8 31. Rd6+ Kc7 32. Rxd4 Rxe5 33. Rf4
a6 34. Kd2 Kd6 35. Rf6+ Kd5 36. b3 a5 37. Bg6 Kc5 38. Kd3 b4 39. axb4+ axb4 40.
Be4 Nd5 41. Rf5 Kd6 42. Rxe5 Kxe5 43. Bg6 h4 1/2-1/2

[Event "4NCL Division 2b"]
[Site "Birmingham ENG"]
[Date "2015.02.14"]
[Round "5.27"]
[White "Gayson, P."]
[Black "Habershon, P."]
[Result "1/2-1/2"]
[WhiteElo "2181"]
[BlackElo "2110"]
[PlyCount "60"]
[EventDate "2015.02.14"]

1. e4 Nf6 2. e5 Nd5 3. d4 d6 4. c4 Nb6 5. f4 dxe5 6. fxe5 g6 7. Nf3 Bg7 8. Be2
O-O 9. O-O Bg4 10. Nc3 c5 11. dxc5 N6d7 12. Be3 Nc6 13. Qb3 Rb8 14. Rad1 Qa5
15. Qb5 Qxb5 16. cxb5 Ncxe5 17. Nxe5 Nxe5 18. Bd4 Bxe2 19. Nxe2 Rbd8 20. b4 Nc4
21. Bxg7 Kxg7 22. c6 bxc6 23. bxc6 Rc8 24. Rc1 Rxc6 25. Rf4 Rfc8 26. Nd4 Rf6
27. Re4 Nd2 28. Ree1 Rxc1 29. Rxc1 e5 30. Ne2 Ne4 1/2-1/2

[Event "4NCL Division 2b"]
[Site "Birmingham ENG"]
[Date "2015.02.14"]
[Round "5.29"]
[White "Li, Harry"]
[Black "Freeman, Richard"]
[Result "1/2-1/2"]
[WhiteElo "1950"]
[BlackElo "2053"]
[PlyCount "79"]
[EventDate "2015.02.14"]

1. d4 Nf6 2. c4 g6 3. Nf3 Bg7 4. g3 O-O 5. Bg2 d6 6. O-O Nbd7 7. Nc3 e5 8. e4
c6 9. h3 Qb6 10. dxe5 dxe5 11. Qe2 a5 12. b3 Qc7 13. Rd1 Rd8 14. Ba3 Bf8 15.
Bxf8 Rxf8 16. Qe3 Kg7 17. Rd3 b6 18. Rad1 Nc5 19. Rd6 Ne8 20. R6d2 h6 21. Nh4
Ne6 22. Ne2 Nf6 23. f4 b5 24. cxb5 cxb5 25. Rc1 Qb8 26. Qc3 Bb7 27. Qxe5 Qxe5
28. fxe5 Nxe4 29. Rd7 N4c5 30. Rxb7 Nxb7 31. Bxb7 Rab8 32. Bg2 Rbc8 33. Rxc8
Rxc8 34. Nf3 Rc2 35. Ned4 Nxd4 36. Nxd4 Rxa2 37. Nxb5 Re2 38. Nd4 Rxe5 39. Kf2
f5 40. Bf1 1/2-1/2

[Event "4NCL Division 2b"]
[Site "Birmingham ENG"]
[Date "2015.02.14"]
[Round "5.30"]
[White "Elwin, Adrian"]
[Black "Burnett, Jim"]
[Result "0-1"]
[WhiteElo "1999"]
[BlackElo "2116"]
[PlyCount "122"]
[EventDate "2015.02.14"]

1. d4 d5 2. c4 e6 3. Nc3 c6 4. e3 Nf6 5. Nf3 Nbd7 6. Bd3 dxc4 7. Bxc4 b5 8. Bd3
a6 9. e4 c5 10. Be3 Bb7 11. e5 Ng4 12. Be4 Qb6 13. O-O Nxe3 14. fxe3 Be7 15.
Qd3 O-O-O 16. Bxb7+ Kxb7 17. a4 b4 18. a5 Qc6 19. Ne2 f6 20. exf6 Bxf6 21. Rfc1
Rc8 22. Rc4 Qd6 23. Qb3 Ka8 24. Rd1 cxd4 25. Qxb4 Qd5 26. Rcxd4 Bxd4 27. Rxd4
Qc5 28. Qd2 Nb8 29. b4 Qc2 30. Qxc2 Rxc2 31. Nf4 Nc6 32. Rd1 Rd8 33. Rxd8+ Nxd8
34. Nd3 Re2 35. Nc5 Ka7 36. Nd4 Rxe3 37. b5 axb5 38. Nxb5+ Kb8 39. a6 Nc6 40.
Nd7+ Kc8 41. Nb6+ Kd8 42. a7 Nxa7 43. Nxa7 Ra3 44. Nac8 Kc7 45. Kf2 Rb3 46. Na4
Kxc8 47. Nc5 Rb6 48. Ke3 Kd8 49. Kd3 Ke7 50. g3 Rb2 51. h4 Kf6 52. Ke4 Rb4+ 53.
Kf3 Rc4 54. Ne4+ Ke5 55. Nd2 Rd4 56. Nf1 Rd3+ 57. Kf2 Ke4 58. Ke2 Ra3 59. Nd2+
Kd4 60. Nf1 h5 61. Kf2 e5 0-1

[Event "4NCL Division 2b"]
[Site "Birmingham ENG"]
[Date "2015.02.14"]
[Round "5.31"]
[White "Shaw, Peter"]
[Black "Grieve, Harry"]
[Result "1-0"]
[WhiteElo "2146"]
[BlackElo "1907"]
[PlyCount "79"]
[EventDate "2015.02.14"]

1. d4 Nf6 2. c4 e6 3. Nc3 Bb4 4. f3 d5 5. a3 Bxc3+ 6. bxc3 b6 7. cxd5 exd5 8.
e3 O-O 9. Bd3 c5 10. Ne2 Re8 11. O-O Nc6 12. Ng3 cxd4 13. cxd4 Qd6 14. Ra2 Bd7
15. Bb1 Rac8 16. Kh1 g6 17. e4 dxe4 18. fxe4 Ng4 19. Bf4 Qe7 20. h3 Qh4 21. Kg1
Ne3 22. Bxe3 Qxg3 23. Rf3 Qd6 24. Rd2 Na5 25. Ba2 Nc4 26. Bxc4 Rxc4 27. Qf1 Qc6
28. Rdf2 f5 29. exf5 Bxf5 30. g4 Rc3 31. Bh6 Rxf3 32. Rxf3 g5 33. Bxg5 Bg6 34.
Bh6 Qd6 35. Qc4+ Kh8 36. d5 Qe5 37. Qc3 Qxc3 38. Rxc3 Kg8 39. Rc7 Bf7 40. d6
1-0

[Event "4NCL Division 2b"]
[Site "Birmingham ENG"]
[Date "2015.02.14"]
[Round "5.32"]
[White "Valentine, Brian"]
[Black "Slade, Theo"]
[Result "0-1"]
[WhiteElo "1995"]
[BlackElo "1981"]
[PlyCount "72"]
[EventDate "2015.02.14"]

1. e4 e6 2. d4 d5 3. Nc3 Nf6 4. e5 Nfd7 5. f4 c5 6. Nf3 Nc6 7. Be3 cxd4 8. Nxd4
Qb6 9. Qd2 Qxb2 10. Rb1 Qa3 11. Bb5 Nxd4 12. Bxd4 a6 13. Rb3 Qe7 14. Bxd7+ Qxd7
15. O-O g6 16. Ne2 Be7 17. g4 h5 18. f5 hxg4 19. fxg6 fxg6 20. Qf4 Rh7 21. Qxg4
g5 22. Rh3 Rxh3 23. Qxh3 Qb5 24. Qh8+ Kd7 25. Rf7 Qxe2 26. Bc5 Qd1+ 27. Kg2
Qxc2+ 28. Bf2 Qe4+ 29. Kf1 Qb4 30. Qf6 b5 31. Qxg5 Bb7 32. Qe3 Qb1+ 33. Be1 Rf8
34. Rxf8 Bxf8 35. Qb6 Qd3+ 36. Kf2 Qc2+ 0-1

[Event "4NCL Division 2b"]
[Site "Birmingham ENG"]
[Date "2015.02.15"]
[Round "6.99"]
[White "Snuverink, Jochem"]
[Black "Bremner, Adam"]
[Result "1-0"]
[WhiteElo "2360"]
[BlackElo "2188"]
[PlyCount "69"]
[EventDate "2015.02.15"]

1. e4 c6 2. Ne2 d5 3. e5 c5 4. c3 Nc6 5. d4 Bf5 6. dxc5 e6 7. b4 Bxb1 8. Rxb1
Nxe5 9. Nd4 Be7 10. Bb5+ Kf8 11. O-O a6 12. f4 Nd7 13. Bd3 Ngf6 14. Re1 Qc8 15.
c4 h5 16. Qf3 a5 17. a3 axb4 18. axb4 Ra4 19. Bc2 Rxb4 20. Rxb4 Qxc5 21. Ra4
Qxd4+ 22. Be3 Qc3 23. Ra8+ Ne8 24. Rc1 Ndf6 25. Ba4 Qa3 26. cxd5 b5 27. d6 bxa4
28. dxe7+ Kg8 29. Rc5 Qa1+ 30. Qf1 Qb2 31. Qb5 Qa1+ 32. Rc1 Qa3 33. Rxe8+ Nxe8
34. Qxe8+ Kh7 35. Qxh8+ 1-0

[Event "4NCL Division 2b"]
[Site "Birmingham ENG"]
[Date "2015.02.15"]
[Round "6.99"]
[White "Willis, Rupert"]
[Black "McMichael, Richard J"]
[Result "1/2-1/2"]
[WhiteElo "2145"]
[BlackElo "2175"]
[PlyCount "93"]
[EventDate "2015.02.15"]

1. c4 b6 2. Nc3 Bb7 3. e4 e6 4. Nge2 c5 5. g3 Nc6 6. Bg2 d6 7. O-O Be7 8. a3
Bf6 9. b4 Nge7 10. Rb1 O-O 11. f4 Bd4+ 12. Kh1 Qd7 13. d3 Bxc3 14. Nxc3 Nd4 15.
Be3 f6 16. Rf2 e5 17. Qh5 Bc6 18. b5 Bb7 19. fxe5 dxe5 20. Bh3 Qd6 21. a4 g6
22. Qh4 Nef5 23. Bxf5 Nxf5 24. Rxf5 gxf5 25. Nd5 Bxd5 26. exd5 a6 27. Qh3 axb5
28. axb5 Rf7 29. Qxf5 Qd7 30. Qxd7 Rxd7 31. Rf1 Kg7 32. Kg2 Ra3 33. Rf3 Kg6 34.
Bf2 h5 35. Re3 Ra2 36. Kf3 Re7 37. h3 f5 38. Be1 Ra3 39. Bd2 Rxd3 40. Rxd3 e4+
41. Ke3 exd3+ 42. Kxd3 Re4 43. h4 Re7 44. Bf4 Kf7 45. Kc3 Ke8 46. Kd3 Kd7 47.
Kc3 1/2-1/2

[Event "4NCL Division 2b"]
[Site "Birmingham ENG"]
[Date "2015.02.15"]
[Round "6.99"]
[White "Okike, David C"]
[Black "Birtwistle, Nigel"]
[Result "1/2-1/2"]
[WhiteElo "2176"]
[BlackElo "2131"]
[PlyCount "62"]
[EventDate "2015.02.15"]

1. e4 c5 2. Nf3 g6 3. c3 Bg7 4. d4 cxd4 5. cxd4 d5 6. e5 Bg4 7. h3 Bxf3 8. Qxf3
Nc6 9. Bb5 e6 10. Nc3 Qb6 11. Qd3 Nge7 12. Na4 Qc7 13. Bd2 O-O 14. Rc1 f6 15.
f4 fxe5 16. dxe5 g5 17. g3 gxf4 18. gxf4 a6 19. Bxc6 Nxc6 20. O-O Rf5 21. Nc5
Qf7 22. Kh1 Rf8 23. Rg1 Kh8 24. Qg3 Bh6 25. Nd3 Rh5 26. Qg4 Nd4 27. Rg2 Nf5 28.
Rcg1 Rh4 29. Qf3 Nd4 30. Qg3 Nf5 31. Qf3 Nd4 1/2-1/2

[Event "4NCL Division 2b"]
[Site "Birmingham ENG"]
[Date "2015.02.15"]
[Round "6.99"]
[White "Murphy, Hugh W"]
[Black "Kwiatkowski, Feliks J"]
[Result "1-0"]
[WhiteElo "2169"]
[BlackElo "2232"]
[PlyCount "67"]
[EventDate "2015.02.15"]

1. d4 Nf6 2. Nf3 e6 3. e3 b6 4. Bd3 Bb7 5. O-O c5 6. c4 g6 7. Nc3 Bg7 8. d5
exd5 9. cxd5 O-O 10. e4 d6 11. a4 a6 12. Nd2 Nbd7 13. Nc4 Ne5 14. Nxe5 dxe5 15.
Bg5 h6 16. Be3 Qd6 17. f4 Nd7 18. f5 g5 19. Bc4 Rfb8 20. h4 f6 21. Qh5 Nf8 22.
hxg5 hxg5 23. Rf3 Bc8 24. Raf1 Bd7 25. Bxg5 Be8 26. Qg4 fxg5 27. f6 Nh7 28.
fxg7 Kxg7 29. Nd1 b5 30. Ne3 Bg6 31. Rf7+ Kh8 32. Rd7 Qb6 33. a5 Qxa5 34. Qe6
1-0

[Event "4NCL Division 2b"]
[Site "Birmingham ENG"]
[Date "2015.02.15"]
[Round "6"]
[White "McGowan, Daniel"]
[Black "Wittmann, Jochen"]
[Result "1/2-1/2"]
[WhiteElo "2127"]
[BlackElo "2120"]
[PlyCount "36"]
[EventDate "2015.02.15"]

1. e4 e5 2. Nf3 Nc6 3. Bb5 f5 4. d3 fxe4 5. dxe4 Nf6 6. O-O Bc5 7. Bxc6 bxc6 8.
Nxe5 O-O 9. Nc3 Qe7 10. Nd3 Bd4 11. e5 Nd5 12. Nxd5 cxd5 13. Nf4 Qxe5 14. c3
Bc5 15. b4 Bd6 16. Qxd5+ Qxd5 17. Nxd5 Bb7 18. Ne3 Be5 1/2-1/2

[Event "4NCL Division 2b"]
[Site "Birmingham ENG"]
[Date "2015.02.15"]
[Round "6.1"]
[White "Gilfillan, Andrew"]
[Black "Prior, Stephen"]
[Result "1/2-1/2"]
[WhiteElo "1982"]
[BlackElo "1997"]
[PlyCount "77"]
[EventDate "2015.02.15"]

1. e4 c5 2. c4 Nc6 3. Nc3 g6 4. g3 Bg7 5. Bg2 h5 6. d3 d6 7. h3 Nd4 8. Nge2 Bd7
9. Nf4 Nf6 10. Bd2 Qc8 11. Rb1 a5 12. Ncd5 Nxd5 13. Nxd5 Ra6 14. Bg5 f6 15. Be3
Nc6 16. a3 Kf7 17. f4 e6 18. Nc3 Ne7 19. O-O f5 20. Rc1 Rd8 21. Rc2 Bc6 22. g4
hxg4 23. hxg4 Rh8 24. Qe1 Qg8 25. Qg3 Ra8 26. Bf3 Bf6 27. g5 Bg7 28. Rff2 Qe8
29. Rh2 Qd7 30. Qe1 Rxh2 31. Rxh2 Rh8 32. Rxh8 Bxh8 33. Qh4 Bg7 34. Qh7 Qe8 35.
d4 cxd4 36. Bxd4 Qg8 37. Qxg8+ Kxg8 38. Bxg7 Kxg7 39. Kf2 1/2-1/2

[Event "4NCL Division 2b"]
[Site "Birmingham ENG"]
[Date "2015.02.15"]
[Round "6.5"]
[White "Thompson, Ian D"]
[Black "Gantner, Matthias"]
[Result "0-1"]
[WhiteElo "2215"]
[BlackElo "2240"]
[PlyCount "78"]
[EventDate "2015.02.15"]

1. c4 e5 2. g3 Nf6 3. Bg2 Bc5 4. Nc3 O-O 5. e3 Nc6 6. Nge2 d6 7. O-O a6 8. b3
Bf5 9. d4 Ba7 10. d5 Ne7 11. e4 Bd7 12. Bg5 h6 13. Bxf6 gxf6 14. Kh1 f5 15. f4
f6 16. b4 Qe8 17. c5 Kg7 18. Qb3 dxc5 19. bxc5 Bxc5 20. Qxb7 Bb6 21. d6 Bc6 22.
Qxa8 Bxa8 23. dxe7 Qxe7 24. exf5 Qd7 25. fxe5 Bxg2+ 26. Kxg2 fxe5 27. g4 Qc6+
28. Kg3 Rd8 29. Rad1 Rxd1 30. Rxd1 Bd4 31. Rc1 Qc4 32. f6+ Kf7 33. Kh4 Be3 34.
Rd1 Kxf6 35. Nd5+ Kg6 36. Ng3 Bg5+ 37. Kh3 e4 38. Nf5 Qe2 39. Nh4+ Kf7 0-1

[Event "4NCL Division 2b"]
[Site "Birmingham ENG"]
[Date "2015.02.15"]
[Round "6.6"]
[White "Weller, Jean-Luc"]
[Black "Frostick, Clive A"]
[Result "0-1"]
[WhiteElo "2260"]
[BlackElo "2168"]
[PlyCount "94"]
[EventDate "2015.02.15"]

1. d4 d5 2. c4 e6 3. Nc3 Nf6 4. Bg5 Nbd7 5. e3 c6 6. Nf3 Qa5 7. cxd5 Nxd5 8.
Qb3 N7f6 9. Bd3 Qb6 10. Qxb6 axb6 11. O-O h6 12. Bh4 Nxc3 13. bxc3 Ra3 14. Bxf6
gxf6 15. Rfc1 f5 16. Be2 b5 17. Nd2 Ra7 18. Rc2 Bd6 19. f4 Bd7 20. c4 bxc4 21.
Nxc4 Bc7 22. Rb1 Ke7 23. Rcb2 b5 24. Nd2 Rha8 25. Ra1 f6 26. Nb3 Bd6 27. Kf2
Ra3 28. Bd1 Bb4 29. Re2 Bc3 30. Rc1 b4 31. Rcc2 Be8 32. Nc1 Bh5 33. Kf1 Kd6 34.
Re1 Bxe1 35. Bxh5 Rxe3 36. Nb3 Bc3 37. Kf2 Re4 38. Bf3 Rxf4 39. g3 Rxf3+ 40.
Kxf3 Kd5 41. Ke3 Ra3 42. Kf4 Bxd4 43. Nxd4 Kxd4 44. Rxc6 Rxa2 45. Rd6+ Kc5 46.
Rxe6 b3 47. Re3 Rf2+ 0-1

[Event "4NCL Division 2b"]
[Site "Birmingham ENG"]
[Date "2015.02.15"]
[Round "6.7"]
[White "Farrand, Tom"]
[Black "Adams, David"]
[Result "0-1"]
[WhiteElo "2183"]
[BlackElo "2215"]
[PlyCount "80"]
[EventDate "2015.02.15"]

1. e4 d6 2. d4 Nf6 3. Nc3 e5 4. dxe5 dxe5 5. Qxd8+ Kxd8 6. Bg5 Be6 7. O-O-O+
Nbd7 8. Kb1 Kc8 9. f3 Bc5 10. Nge2 c6 11. Nc1 h6 12. Bd2 b5 13. Be2 Ne8 14. Nd3
Bd4 15. f4 f6 16. a4 a6 17. a5 Nd6 18. Nb4 Kc7 19. Bd3 Nb7 20. Ne2 Bc5 21. Na2
Rhd8 22. Ng3 Bd6 23. f5 Bf7 24. Rc1 c5 25. b3 b4 26. c3 Nxa5 27. cxb4 Nxb3 28.
Be3 Nxc1 29. Rxc1 Rdb8 30. Ka1 Bxa2 31. bxc5 Bxc5 32. Bxc5 Nxc5 33. Rxc5+ Kd6
34. Rc2 Bf7 35. Be2 Rb4 36. Bh5 Bxh5 37. Nxh5 Rab8 38. Nxg7 Ra4+ 39. Ra2 Rxa2+
40. Kxa2 Rg8 0-1

[Event "4NCL Division 2b"]
[Site "Birmingham ENG"]
[Date "2015.02.15"]
[Round "6.8"]
[White "Gayson, Peter"]
[Black "Coates, Kenneth G"]
[Result "0-1"]
[WhiteElo "2181"]
[BlackElo "2140"]
[PlyCount "64"]
[EventDate "2015.02.15"]

1. e4 d5 2. exd5 Qxd5 3. Nc3 Qd6 4. d4 Nf6 5. Nf3 Bg4 6. h3 Bh5 7. g4 Bg6 8.
Bg2 c6 9. O-O e6 10. Ne5 Nbd7 11. Bf4 Nxe5 12. Bxe5 Qb4 13. Qe2 Be7 14. a3 Qa5
15. b4 Qd8 16. Rad1 O-O 17. f4 Qd7 18. Kh1 Nd5 19. Nxd5 cxd5 20. f5 exf5 21.
gxf5 Bxf5 22. Bxg7 Rfe8 23. Be5 f6 24. Qf2 Bg6 25. Bxf6 Bxf6 26. Qxf6 Re3 27.
Kg1 Rg3 28. Kh2 Rc3 29. Rde1 Be4 30. Bxe4 Qxh3+ 31. Kg1 Rg3+ 32. Kf2 Qh2+ 0-1

[Event "4NCL Division 2b"]
[Site "Birmingham ENG"]
[Date "2015.02.15"]
[Round "6.9"]
[White "Tavares, Shawn P"]
[Black "Shaw, Peter"]
[Result "0-1"]
[WhiteElo "2140"]
[BlackElo "2146"]
[PlyCount "82"]
[EventDate "2015.02.15"]

1. c4 e5 2. g3 d6 3. Bg2 f5 4. d3 Nf6 5. Nc3 Be7 6. e4 c6 7. Nge2 O-O 8. O-O
Na6 9. h3 Qe8 10. exf5 Bxf5 11. g4 Bg6 12. f4 exf4 13. Nxf4 Bf7 14. Re1 Nc7 15.
Qe2 Bd8 16. Qf2 Qd7 17. Be3 Ne6 18. Qg3 Bc7 19. Nxe6 Bxe6 20. Bf4 Bb6+ 21. Kh1
d5 22. Rad1 Rad8 23. Be5 Nxg4 24. cxd5 Bf2 25. dxe6 Bxg3 26. exd7 Nxe5 27. Re3
Bf4 28. Re4 Rxd7 29. d4 Nc4 30. b3 Nd6 31. Re6 Nf5 32. d5 Ne3 33. Rd3 Nxg2 34.
Kxg2 cxd5 35. Rxd5 Rc7 36. Rd3 Rfc8 37. Nd5 Rc2+ 38. Kf3 Bg5 39. a4 Rf8+ 40.
Kg4 Rg2+ 41. Rg3 h5+ 0-1

[Event "4NCL Division 2b"]
[Site "Birmingham ENG"]
[Date "2015.02.15"]
[Round "6.10"]
[White "Burnett, Jim"]
[Black "Purdon, Colin"]
[Result "1/2-1/2"]
[WhiteElo "2116"]
[BlackElo "2068"]
[PlyCount "52"]
[EventDate "2015.02.15"]

1. d4 d5 2. c4 c6 3. Nf3 Nf6 4. Nc3 dxc4 5. a4 Bf5 6. e3 e6 7. Bxc4 Bb4 8. O-O
O-O 9. Qe2 Bg6 10. Ne5 Nbd7 11. Nxg6 hxg6 12. Rd1 Qc7 13. Bb3 a6 14. e4 e5 15.
Be3 Rad8 16. Rac1 Qa5 17. dxe5 Nxe5 18. Bd4 Rd7 19. h3 Rfd8 20. Qe3 Rxd4 21.
Rxd4 Rxd4 22. Qxd4 Nf3+ 23. gxf3 Qg5+ 24. Kh2 Qf4+ 25. Kg2 Qg5+ 26. Kh2 Qf4+
1/2-1/2

[Event "4NCL Division 2b"]
[Site "Birmingham ENG"]
[Date "2015.02.15"]
[Round "6.11"]
[White "Richardson, Keith B"]
[Black "Li, Harry"]
[Result "1/2-1/2"]
[WhiteElo "2042"]
[BlackElo "1950"]
[PlyCount "55"]
[EventDate "2015.02.15"]

1. c4 e5 2. Nc3 Nf6 3. Nf3 Nc6 4. e3 Bb4 5. Nd5 Ba5 6. Qa4 d6 7. b4 Bb6 8. Nxb6
cxb6 9. b5 Ne7 10. Be2 O-O 11. O-O Re8 12. d3 Ng6 13. Bb2 d5 14. cxd5 Qxd5 15.
Rfd1 Be6 16. d4 e4 17. Ne5 Rac8 18. f4 Nh4 19. Rdc1 Rxc1+ 20. Rxc1 Qxa2 21.
Qxa2 Bxa2 22. Ra1 Bd5 23. Rxa7 h6 24. Ra3 Rc8 25. Rc3 Ra8 26. Ra3 Rc8 27. Rc3
Ra8 28. Ra3 1/2-1/2

[Event "4NCL Division 2b"]
[Site "Birmingham ENG"]
[Date "2015.02.15"]
[Round "6.12"]
[White "Slade, Theo"]
[Black "Dhemrait, Jagdeep"]
[Result "0-1"]
[WhiteElo "1981"]
[BlackElo "1647"]
[PlyCount "64"]
[EventDate "2015.02.15"]

1. d4 c6 2. e4 d5 3. Nd2 Nf6 4. e5 Ng8 5. Bd3 Nh6 6. Ndf3 g6 7. Bg5 Qb6 8. Qc1
Nf5 9. Ne2 Bg7 10. g4 f6 11. Bf4 Nxd4 12. Nexd4 fxe5 13. Bh6 O-O 14. Nf5 gxf5
15. Bxg7 Kxg7 16. Nxe5 f4 17. b3 Qd4 18. Nf3 Qc3+ 19. Ke2 e5 20. Qa3 e4 21.
Qe7+ Kg8 22. Ne5 exd3+ 23. cxd3 Bd7 24. Qg5+ Kh8 25. Qe7 Na6 26. Nf7+ Rxf7 27.
Qxf7 Bxg4+ 28. Kf1 Qxa1+ 29. Kg2 Qg7 30. Qxf4 Bf3+ 31. Kxf3 Rf8 32. Qxf8+ Qxf8+
0-1

[Event "4NCL Division 2b"]
[Site "Birmingham ENG"]
[Date "2015.02.15"]
[Round "6.15"]
[White "O'Toole, George E"]
[Black "Lund, Brett"]
[Result "1/2-1/2"]
[WhiteElo "2246"]
[BlackElo "2258"]
[PlyCount "98"]
[EventDate "2015.02.15"]

1. e4 c5 2. c3 Nf6 3. e5 Nd5 4. d4 cxd4 5. Nf3 e6 6. cxd4 b6 7. Nc3 Nxc3 8.
bxc3 Qc7 9. Bd2 d6 10. Bd3 Bb7 11. O-O Nd7 12. Ng5 dxe5 13. Qh5 g6 14. Qh3 Be7
15. Rae1 h6 16. f4 Bxg5 17. fxg5 h5 18. dxe5 Nc5 19. Bb5+ Kf8 20. Be3 Kg7 21.
Bd4 Qe7 22. Qe3 Rac8 23. Rf4 Rhf8 24. Ref1 Bd5 25. h4 Bxa2 26. g4 hxg4 27. h5
gxh5 28. Rf6 Bd5 29. g6 Bf3 30. Qf4 fxg6 31. Qg5 Kh8 32. Qxg6 Qh7 33. Qg5 Ne4
34. Qf4 Nxf6 35. exf6 Rf7 36. Bd7 Rcf8 37. Bxe6 Qg6 38. Bxf7 Rxf7 39. Re1 Kh7
40. Re7 Qb1+ 41. Kf2 Bd5 42. Qg5 Qc2+ 43. Kg3 Qg2+ 44. Kf4 Qf3+ 45. Ke5 Rxe7+
46. fxe7 Qe4+ 47. Kd6 Qe6+ 48. Kc7 Qc6+ 49. Kd8 Qa8+ 1/2-1/2